| 000 | 00887cam a22003131i 4500 | ||
|---|---|---|---|
| 001 | 2516189 | ||
| 003 | SISC | ||
| 005 | 20160406123915.0 | ||
| 008 | 760127s1976 nyu 001 0 eng | ||
| 010 | _a 76002465 //r85 | ||
| 020 | _a0396073093 | ||
| 035 | _a(OCoLC)2020669 | ||
| 035 | _a(OCoLC)ocm02020669 | ||
| 035 | _a(NNC)2516189 | ||
| 043 | _an-us--- | ||
| 050 | 0 |
_aHC 106.6 _b.M34 1976 |
|
| 082 |
_aHS 330 _bMa29 1976 |
||
| 090 |
_aHC106.6 _b.M338 |
||
| 100 | 1 |
_aMalabre, Alfred L. _911901 |
|
| 245 | 1 | 0 |
_aUnderstanding the economy : _bfor people who can't stand economics / _cAlfred L. Malabre, Jr. |
| 260 |
_aNew York : _bDodd, Mead, _cc1976. |
||
| 300 |
_a184 p. : _c18 cm. |
||
| 500 | _aIncludes index. | ||
| 650 | 0 |
_aEconomics. _97586 |
|
| 651 | 0 |
_aUnited States _xEconomic conditions _y1971-1981. _911902 |
|
| 942 |
_2lcc _cBK |
||
| 999 |
_c8940 _d8940 |
||